000240320 001__ 240320
000240320 005__ 20210922173116.0
000240320 0247_ $$2BMBF$$aG:(BMBF)031A289A$$d031A289A
000240320 0247_ $$2Dimensions$$aG:(Dimensions)grant.7993161$$dgrant.7993161
000240320 035__ $$aG:(BMBF)031A289A
000240320 150__ $$aBioökonomie International 2013: PURESBio - Prozessverständnis und Nutzung von Pflanzenrückständen für eine nachhaltige Produktion von Pflanzenbiomasse-Teilprojekt A$$y2014-09-01 - 2018-05-31
000240320 5101_ $$0I:(DE-588b)5309538-8 $$aFederal Ministry of Education and Research$$bBMBF
000240320 909CO $$ooai:juser.fz-juelich.de:896175$$pauthority$$pauthority:GRANT
000240320 909CO $$ooai:juser.fz-juelich.de:896175
000240320 980__ $$aG
000240320 980__ $$aAUTHORITY